000 00581nam a2200193 a 4500
005 20210223125108.0
008 030904s1991 mx r 000 0 spa d
020 _a9682442338
035 _aUPN01000128520
049 _aCG
050 4 _aQH506
_bG6.2
100 1 _aGonzález Peña, Abigail
245 1 0 _aBiología molecular y celular:
_bmaterial para la enseñanza activa de la biología /
_cAbigail González Peña.
260 _aMéxico :
_bTrillas,
_c1991.
300 _a197 p. :
_bil.
650 4 _aBIOLOGIA MOLECULAR
_94945
650 4 _aCITOLOGIA
_910620
905 _aLibro
999 _c100697
_d100697